Mujer, organización y promoción social: su participación como agente de cambio en la comunidad de Guatuso, Costa Rica /

Este artículo se enmarca dentro de un proyecto más general que analiza el tema del turismo sostenible y el desarrollo local y transfronterizo en la cuenca del río San Juan. En esta ocasión el artículo busca dar respuesta a uno de los objetivos específicos del estudio el cual tiene que ver con el pap...

Ամբողջական նկարագրություն

Պահպանված է:
Մատենագիտական մանրամասներ
Հիմնական հեղինակ: González Calvo, Hugo
Այլ հեղինակներ: Espinoza Herrera, Rebeca
Ձևաչափ: Տեքստ
Խորագրեր:
Ցուցիչներ: Ավելացրեք ցուցիչ
Չկան պիտակներ, Եղեք առաջինը, ով նշում է այս գրառումը!

MARC

LEADER 00000 a a2200000 04500
001 43294
003
040
100 |a González Calvo, Hugo  
245 |a Mujer, organización y promoción social:   |b su participación como agente de cambio en la comunidad de Guatuso, Costa Rica /  |c Hugo González Calvo ; Rebeca Espinoza Herrera  
500 |a hgonzale@una.ac.cr   |a respino@una.ac.cr  
520 |a Este artículo se enmarca dentro de un proyecto más general que analiza el tema del turismo sostenible y el desarrollo local y transfronterizo en la cuenca del río San Juan. En esta ocasión el artículo busca dar respuesta a uno de los objetivos específicos del estudio el cual tiene que ver con el papel y la participación de las mujeres, su vinculación e interacción con el desarrollo local y organizacional como un importante agente de cambio en estas comunidades, las cuales visualizan en el turismo rural comunitario una alternativa socioeconómico.  
590 |a RRA/JULIO2012  
650 |a PARTICIPACION SOCIAL  
650 |a MUJERES  
650 |a TURISMO  
650 |a DESARROLLO SOCIAL  
650 |a PLANO LOCAL  
650 |a COSTA RICA  
700 |a Espinoza Herrera, Rebeca  
773 |g páginas 205-235 : tablas, gráficos, fotos  
999 |c 24067  |d 24067